header

A police force without a state (Record no. 69544)

MARC details
000 -LEADER
fixed length control field 01347nam a2200337 a 4500
100 1# - MAIN ENTRY--AUTHOR NAME
Personal name Lia, Brynjar.
245 12 - TITLE STATEMENT
Title A police force without a state
250 ## - EDITION STATEMENT
Edition statement 1st ed.
260 ## - PUBLICATION, DISTRIBUTION, ETC. (IMPRINT)
Place of publication Reading, UK :
Name of publisher Ithaca Press,
Year of publication c2006.
300 ## - PHYSICAL DESCRIPTION
Number of Pages xvi, 477 p. :
Other physical details ill.
650 #0 - SUBJECT ADDED ENTRY--TOPICAL TERM
Topical Term Police
Topical Term Police
856 40 - ELECTRONIC LOCATION AND ACCESS
Uniform Resource Identifier http://site.ebrary.com/lib/rucke/Doc?id=10302857

No items available.

© 2026 Rongo University
Contact us: librarian | system librarian | Rongo university